000 00584nam a2200181 i 4500
001 58610
003 ES-MaACL
005 20230906163839.0
007 t|
008 031023s1973 sp |||| | spa d
100 1 _aEaton, J. Robert.
_946455
245 1 0 _aSistemas de transmisión de energía eléctrica /
_cJ. Robert Eaton ; traducción y adaptación L. Jorge Agudelo A.
260 _aMadrid :
_bPrentice-Hall,
_c[1973]
300 _aXX, 344 p. :
_bil. ;
_c24 cm.
650 4 _aEnergía eléctrica.
_9153785
700 1 _aAgudelo A., L. Jorge.
_918647
852 _aES-MaACL
_jE-7260
999 _c58610
_d58610